[Event "Tourn. n8007"]
[Site "www.chess-mail.com"]
[Date "2015.04.21"]
[Round "1"]
[White "Hundegana"]
[Black "Samael"]
[WhiteElo "1920"]
[BlackElo "2090"]
[Result "1-0"]
[Round "1"]
1.e4 e5
2.c4 Nb8c6
3.Ng1f3 Ng8f6
4.d3 Bf8e7
5.Nb1c3 d6
6.h3 Bc8d7
7.a3 O-O
8.Bc1g5 h6
9.Bg5xf6 Be7xf6
10.Bf1e2 Nc6d4
11.Nf3xd4 exd4
12.Nc3d5 c6
13.Nd5xf6 Qd8xf6
14.O-O c5
15.f4 Rf8e8
16.f5 Qf6e5
17.b3 a6
18.Rf1f3 f6
19.Qd1e1 Kh8
20.Qe1g3 Qe5xg3
21.Rf3xg3 Re8e7
22.Kh2 Bd7xf5
23.Be2f3 Bf5h7
24.Ra1f1 Ra8b8
25.Bf3d1 b5
26.Rf1f2 Rb8f8
27.cxb5 axb5
28.Rg3f3 Rf8a8
29.Rf2a2 Re7a7
30.a4 Bh7g8
31.Ra2a1 Bg8f7
32.Rf3f2 Bf7e8
33.Rf2a2 bxa4
34.bxa4 Kg8
35.g4 Kf8
36.Kg3 Ke7
37.Kf4 Be8d7
38.h4 g5
39.hxg5 hxg5
40.Kg3 Bd7e6
41.Ra2a3 d5
42.exd5 Be6xd5
43.a5 Kd6
44.Bd1f3 Ra8e8
45.Bf3xd5 Kxd5
46.Ra1f1 Re8e3
47.Kg2 Ke5
48.Rf1f5 Ke6
49.Rf5xc5 Re3e5
50.Rc5c6 Ke7
51.a6 Re5d5
52.Rc6b6 Rd5d7
53.Kf3 Rd7d6
54.Rb6b7 Rd6d7
55.Rb7xd7 Kxd7
56.Ke4 Kc6
57.Kxd4 Kb6
58.Kd5 f5
59.gxf5 g4
60.Ke4 Ra7e7
61.Kf4 Ka7
62.Kxg4 { resign }
1-0

[Event "Tourn. n8031"]
[Site "www.chess-mail.com"]
[Date "2015.04.21"]
[Round "1"]
[White "Falcoale"]
[Black "Luban"]
[WhiteElo "1870"]
[BlackElo "2090"]
[Result "0-1"]
[Round "1"]
1.e4 c5
2.Ng1f3 d6
3.Bf1c4 e6
4.O-O a6
5.d4 b5
6.Bc4e2 cxd4
7.Nf3xd4 Bc8b7
8.Be2f3 Nb8c6
9.Nd4xc6 Bb7xc6
10.Nb1c3 Bf8e7
11.Bc1f4 Ng8f6
12.Rf1e1 O-O
13.e5 Bc6xf3
14.Qd1xf3 dxe5
15.Bf4xe5 Qd8b6
16.Ra1d1 Ra8d8
17.Nc3e4 Nf6xe4
18.Qf3xe4 Rd8xd1
19.Re1xd1 Be7c5
20.Be5g3 Rf8d8
21.Rd1xd8 Qb6xd8
22.Qe4e2 h6
23.b3 Qd8d4
24.h3 Qd4a1
25.Kh2 Qa1xa2
26.Qe2d3 Qa2a1
27.c3 Qa1b2
28.b4 Bc5xf2
29.Bg3xf2 Qb2xf2
30.Qd3d6 Qf2a7
31.Qd6d8 Kh7
32.Qd8d3 g6
33.Qd3d6 Qa7b7
34.Kg3 h5
35.h4 Qb7e4
36.Qd6f8 Qe4g4
37.Kf2 Qg4xh4
38.Kg1 Qh4f6
39.Qf8c8 e5
40.Qc8e8 Qf6e6
41.Qe8f8 e4
42.Kf2 f5
43.Ke3 g5
44.g3 h4
45.gxh4 f4
46.Kd2 gxh4
47.Qf8xf4 Qe6h6
48.Qf4xh6 Kxh6
{ resign }
0-1

[Event "Tourn. n8204"]
[Site "www.chess-mail.com"]
[Date "2015.04.21"]
[Round "1"]
[White "Vitoriccardo"]
[Black "Zazi"]
[WhiteElo "1710"]
[BlackElo "1630"]
[Result "1-0"]
[Round "1"]
1.e4 b6
2.d4 Bc8b7
3.Nb1c3 a6
4.Ng1f3 e6
5.Bf1d3 b5
6.a3 c5
7.dxc5 Bf8xc5
8.O-O h6
9.Qd1e2 g5
10.h3 h5
11.Bc1xg5 f6
12.Bg5e3 Bc5xe3
13.Qe2xe3 Nb8c6
14.e5 fxe5
15.Bd3g6 Ke7
16.Nf3xe5 Nc6xe5
17.Qe3xe5 Ng8f6
18.Ra1d1 Qd8g8
19.Bg6e4 Bb7xe4
20.Nc3xe4 Nf6xe4
21.Qe5xe4 Qg8g7
22.Qe4b4 Ke8
23.Qb4e4 Ra8d8
24.c3 h4
25.Rf1e1 Rh8g8
26.Qe4d5 Rd8c8
27.Re1xe6 Kd8
28.Re6g6 Rc8c5
29.Rg6xg7 Rg8xg7
30.Qd5xc5 Rg7e7
31.Qc5g5 Ke8
32.Qg5g8 
1-0

[Event "Tourn. n8113"]
[Site "www.chess-mail.com"]
[Date "2015.04.21"]
[Round "1"]
[White "Woodpusher2"]
[Black "Tartan"]
[WhiteElo "2570"]
[BlackElo "2370"]
[Result "1-0"]
[Round "1"]
1.e4 e6
2.d4 d5
3.Nb1d2 Ng8f6
4.e5 Nf6d7
5.Bf1d3 c5
6.c3 Nb8c6
7.Ng1e2 cxd4
8.cxd4 Qd8b6
9.Nd2f3 f6
10.exf6 Nd7xf6
11.O-O Bf8d6
12.b3 O-O
13.Bc1f4 Bd6xf4
14.Ne2xf4 Bc8d7
15.Rf1e1 Ra8e8
16.Qd1d2 Kh8
17.Ra1d1 Qb6b4
18.Qd2xb4 Nc6xb4
19.Nf3e5 Nf6g4
20.Nf4g6 hxg6
21.Ne5xg4 Nb4xd3
22.Rd1xd3 Re8c8
23.Ng4e5 Bd7e8
24.Ne5f3 Rc8c2
25.Rd3d2 Rc2xd2
26.Nf3xd2 Be8d7
27.Re1c1 Rf8c8
28.Rc1xc8 Bd7xc8
29.Nd2f3 Kg8
30.Nf3e5 g5
31.Ne5f3 Kf7
32.Nf3xg5 Kf6
33.f4 Bc8d7
34.Kf2 { resign }
1-0

[Event "Match"]
[Site "www.echecsemail.com"]
[Date "2015.04.21"]
[Round "1"]
[White "F14"]
[Black "Pare123"]
[WhiteElo "1880"]
[BlackElo "1960"]
[Result "0-1"]
[Round "1"]
1.e4 g6
2.d4 Bf8g7
3.Ng1f3 d5
4.e5 Bc8g4
5.c4 c6
6.cxd5 Qd8xd5
7.Bf1e2 e6
8.Nb1c3 Qd5d8
9.O-O Bg4xf3
10.Be2xf3 Ng8e7
11.Bc1e3 Ne7f5
12.Be3g5 Qd8b6
13.Nc3a4 Qb6xd4
14.Qd1xd4 Nf5xd4
15.Bg5f4 Nd4xf3
16.gxf3 Nb8d7
17.Rf1e1 O-O-O
18.Bf4g3 h5
19.h3 f6
20.exf6 Bg7xf6
21.Ra1b1 h4
22.Bg3d6 e5
23.Rb1d1 b5
24.Na4c5 Nd7xc5
25.Bd6xc5 g5
26.Rd1d6 Rd8xd6
27.Bc5xd6 Rh8d8
28.Bd6xe5 Rd8e8
29.Be5c3 Re8xe1
30.Bc3xe1 Bf6xb2
31.Kf1 c5
32.Ke2 Kd7
33.Be1d2 Bb2f6
34.Kd3 Kc6
35.Ke4 Kd6
36.Kf5 Bf6d4
37.Bd2xg5 Bd4xf2
38.Ke4 a5
39.f4 Ke6
40.f5 Kf7
41.f6 a4
42.Kd3 a3
43.Bg5e3 Bf2xe3
44.Kxe3 Kxf6
45.Ke4 b4
46.Kd3 b3
{ resign }
0-1

[Event "Match"]
[Site "www.echecsemail.com"]
[Date "2015.04.21"]
[Round "1"]
[White "Robkinyon"]
[Black "Wrightdjohn"]
[WhiteElo "1499"]
[BlackElo "2160"]
[Result "0-1"]
[Round "1"]
1.e4 e6
2.d4 d5
3.e5 c5
4.Ng1f3 Nb8c6
5.Bf1b5 Bc8d7
6.Bb5xc6 Bd7xc6
7.Nb1c3 Qd8b6
8.O-O cxd4
9.Nf3xd4 Ng8e7
10.a4 Ne7g6
11.a5 Qb6c7
12.Nd4f3 Ng6xe5
13.Bc1f4 Bf8d6
14.Nf3xe5 Bd6xe5
15.Bf4xe5 Qc7xe5
16.Rf1e1 Qe5g5
 { time }
0-1

[Event "Match"]
[Site "www.echecsemail.com"]
[Date "2015.04.21"]
[Round "1"]
[White "Vattila2010"]
[Black "Iko"]
[WhiteElo "1860"]
[BlackElo "1480"]
[Result "1-0"]
[Round "1"]
1.d4 d5
2.b4 Qd8d6
3.c3 a5
4.bxa5 Ra8xa5
5.a4 Bc8d7
6.Bc1a3 Qd6c6
7.Ba3b4 Ra5a7
8.a5 Bd7f5
9.e3 Bf5xb1
10.Ra1xb1 e6
11.f4 Bf8xb4
12.cxb4 Qc6c3
13.Qd1d2 Qc3xd2
14.Kxd2 Ng8f6
15.Bf1d3 Nf6e4
16.Bd3xe4 dxe4
17.h4 O-O
18.Ng1e2 Rf8d8
19.Rh1c1 c6
20.Rc1c5 Rd8d5
21.Rc5c4 Nb8d7
22.Ne2c3 b5
23.Rc4xc6 h5
24.Nc3xd5 exd5
25.Rb1c1 Ra7a8
26.Rc6c8 Ra8xc8
27.Rc1xc8 Kh7
28.Rc8d8 Nd7f6
29.a6 Kh6
30.a7 Nf6g4
31.a8Q Ng4xe3
32.Kxe3 f5
33.Rd8h8 Kg6
34.Qa8a6 Kf7
35.Qa6xb5 Kf6
36.Qb5xd5 Kg6
37.Qd5e6 
1-0

[Event "Match"]
[Site "www.echecsemail.com"]
[Date "2015.04.21"]
[Round "1"]
[White "Amaya"]
[Black "Holmjb"]
[WhiteElo "2020"]
[BlackElo "2020"]
[Result "0-1"]
[Round "1"]
1.e4 c5
2.Ng1f3 Nb8c6
3.d4 cxd4
4.Nf3xd4 g6
5.Nb1c3 Bf8g7
6.Nd4b3 Ng8f6
7.g3 O-O
8.Bf1g2 d6
9.Nc3e2 e5
10.h3 b5
11.g4 h6
12.Ne2g3 a6
13.O-O Bc8b7
14.Bc1d2 Qd8e7
15.Qd1c1 Kh7
16.a3 Rf8h8
17.f3 Kg8
18.h4 Nc6d8
19.Bg2h3 Nd8e6
20.Rf1d1 Nf6d7
21.Bd2b4 Qe7xh4
22.Kh2 Ne6f4
23.Rd1xd6 Qh4xh3
24.Kg1 Qh3g2
{ resign }
0-1

[Event "Match"]
[Site "www.echecsemail.com"]
[Date "2015.04.21"]
[Round "1"]
[White "Maestro"]
[Black "Andradamaria"]
[WhiteElo "1900"]
[BlackElo "2119"]
[Result "0-1"]
[Round "1"]
1.d4 Ng8f6
2.c4 g6
3.Nb1c3 d5
4.e3 Bf8g7
5.cxd5 Nf6xd5
6.Bf1c4 Nd5b6
7.Bc4b3 O-O
8.Ng1e2 Nb8c6
9.O-O e5
10.d5 Nc6e7
11.e4 h6
12.Bc1e3 Nb6d7
13.f4 exf4
14.Be3xf4 Nd7e5
15.Bf4xe5 Bg7xe5
16.Qd1c2 Qd8d6
17.g3 Bc8h3
18.Rf1d1 Qd6c5
19.Kh1 Qc5f2
20.Ne2g1 Bh3g2
{ resign }
0-1

[Event "Match"]
[Site "www.echecsemail.com"]
[Date "2015.04.21"]
[Round "1"]
[White "Rindrandria"]
[Black "Ranjachess"]
[WhiteElo "1560"]
[BlackElo "1710"]
[Result "0-1"]
[Round "1"]
1.e4 e5
2.f3 Bf8c5
3.d3 Ng8f6
4.b3 O-O
5.Ng1e2 d5
6.Bc1b2 d4
7.c3 Nb8c6
8.Qd1d2 b5
9.Nb1a3 b4
10.Na3b5 bxc3
11.Bb2xc3 dxc3
12.Nb5xc3 Nc6b4
13.Ne2g3 Bc8a6
14.Qd2g5 Nb4c2
15.Ke2 Nc2xa1
16.Qg5xe5 Qd8xd3
17.Ke1 Na1c2

0-1

[Event "Match"]
[Site "www.echecsemail.com"]
[Date "2015.04.21"]
[Round "1"]
[White "Joseph1983"]
[Black "Andradamaria"]
[WhiteElo "2230"]
[BlackElo "2119"]
[Result "0-1"]
[Round "1"]
1.d4 Ng8f6
2.c4 g6
3.Nb1c3 d5
4.cxd5 Nf6xd5
5.e4 Nd5xc3
6.bxc3 Bf8g7
7.Bf1c4 c5
8.Ng1e2 Nb8c6
9.Bc1e3 O-O
10.dxc5 Qd8a5
11.O-O Bg7xc3
12.Ne2xc3 Qa5xc3
13.Ra1c1 Qc3a5
14.f4 Rf8d8
15.Qd1b3 e6
16.Rc1d1 Bc8d7
17.Rd1d6 Bd7e8
18.Rf1d1 Rd8xd6
19.cxd6 Ra8d8
20.Kh1 Nc6b4
21.a3 Be8a4
22.Qb3xb4 Qa5xb4
23.axb4 Ba4xd1
24.e5 Bd1c2
25.Be3xa7 Rd8a8
26.Ba7d4 Bc2e4
{ resign }
0-1

[Event "Match"]
[Site "www.echecsemail.com"]
[Date "2015.04.21"]
[Round "1"]
[White "Derik"]
[Black "Odrum1"]
[WhiteElo "1460"]
[BlackElo "1410"]
[Result "0-1"]
[Round "1"]
1.e4 e5
2.d3 Ng8f6
3.Nb1d2 Nb8c6
4.Ng1f3 Bf8c5
5.g3 d6
6.Bf1g2 Bc8g4
7.O-O Qd8e7
8.h3 Bg4h5
9.b3 O-O
10.g4 Bh5g6
11.Bc1b2 Ra8e8
12.Nd2c4 Nc6d4
13.c3 Nd4xf3
14.Qd1xf3 c6
15.d4 exd4
16.cxd4 Bc5b6
17.Ra1e1 Bb6c7
18.g5 Nf6h5
19.h4 d5
20.exd5 Qe7d8
21.Re1d1 cxd5
22.Nc4e3 Qd8d6
23.Ne3xd5 Qd6h2
{ resign }
0-1

[Event "Match"]
[Site "www.echecsemail.com"]
[Date "2015.04.21"]
[Round "1"]
[White "Bojan"]
[Black "Mitja"]
[WhiteElo "2000"]
[BlackElo "1560"]
[Result "1-0"]
[Round "1"]
1.e4 e5
2.Ng1f3 f6
3.d4 exd4
4.Nf3xd4 Nb8c6
5.Nd4xc6 bxc6
6.Bf1d3 Bc8b7
7.c3 a6
8.Qd1b3 Ra8b8
9.Qb3a4 Qd8c8
10.Nb1d2 Bf8c5
11.Nd2b3 Bc5b6
12.Bc1f4 d6
13.Nb3d4 Bb6xd4
14.cxd4 Ng8e7
15.O-O O-O
16.Ra1c1 d5
17.Rc1c3 f5
18.exf5 Ne7xf5
19.Qa4c2 g6
20.Qc2a4 Qc8e6
21.Bf4xc7 Rb8c8
22.Bc7e5 Nf5h4
23.Be5g3 Nh4f5
24.Bg3e5 Rc8a8
25.Qa4b4 Qe6d7
26.Bd3e2 Ra8e8
27.Be2g4 Qd7f7
28.Rc3f3 Qf7e7
29.Qb4d2 c5
30.Bg4xf5 Rf8xf5
31.Rf3xf5 gxf5
32.b3 cxd4
33.Be5xd4 Qe7e2
34.Qd2g5 { resign }
1-0

[Event "1/128 Finale"]
[Site "www.chess-mail.com"]
[Date "2015.04.21"]
[Round "1"]
[White "Attatroll"]
[Black "Generalfree"]
[WhiteElo "1930"]
[BlackElo "1850"]
[Result "0-1"]
[Round "1"]
1.e4 e5
2.Ng1f3 Nb8c6
3.d4 exd4
4.Bf1c4 Bf8e7
5.c3 d6
6.Qd1b3 Nc6e5
7.Nf3xe5 dxe5
8.Bc4xf7 Kf8
9.O-O c5
10.Bf7xg8 Rh8xg8
11.Rf1d1 a6
12.Nb1d2 b5
13.Nd2f3 c4
14.Qb3c2 d3
15.Qc2d2 Be7f6
16.h3 Ra8a7
17.Qd2e3 Ra7d7
18.Bc1d2 h6
19.Nf3h2 Rd7f7
20.Nh2g4 Bc8xg4
21.hxg4 Bf6h4
22.Rd1f1 Ke8
23.Qe3c5 Qd8c7
24.Qc5d5 Rg8f8
25.Qd5e6 Qc7e7
26.Qe6c6 Qe7d7
27.Qc6a8 Ke7
28.Qa8xa6 Rf7xf2
29.Rf1xf2 Bh4xf2
30.Kh1 Qd7xg4
31.Qa6b7 Kf6
32.Qb7c6 Kf7
33.Qc6d5 Kg6
34.Qd5d6 Kh7
35.Qd6xe5 Bf2g3
36.Qe5e7 Qg4h5
37.Kg1 Qh5h2

0-1

[Event "Eq:CONFOEDERATIONIS HELVETICAE-Angels of Checkmate : "]
[Site "www.chess-mail.com"]
[Date "2015.04.21"]
[Round "1"]
[White "Gallows"]
[Black "Neverless"]
[WhiteElo "2450"]
[BlackElo "2690"]
[Result "0-1"]
[Round "1"]
1.d4 Ng8f6
2.c4 e6
3.Nb1c3 Bf8b4
4.Qd1b3 c5
5.dxc5 Nb8c6
6.Ng1f3 Nf6e4
7.Bc1d2 Ne4xd2
8.Nf3xd2 O-O
9.Nd2f3 Bb4xc5
10.Ra1d1 b6
11.e3 Bc8b7
12.a3 Bc5e7
13.Qb3c2 Ra8c8
14.Bf1d3 g6
15.h4 f5
16.Qc2e2 Be7f6
17.Nc3b5 Qd8e7
18.h5 g5
19.Kf1 a6
20.Nb5d4 g4
21.Nd4xc6 dxc6
22.Nf3e1 c5
23.Qe2c2 Rc8d8
24.h6 Rd8d6
25.Bd3e2 Rf8d8
26.Rd1xd6 Qe7xd6
27.Qc2b3 Qd6c7
28.Be2d3 Kf7
29.a4 Bb7c6
30.Rh1h5 Qc7e5
31.Qb3xb6 Qe5d6
32.Qb6a5 Kg6
33.Rh5h1 Rd8b8
34.Qa5d2 Bc6e4
35.Qd2d1 Rb8xb2
36.Bd3e2 Qd6xd1
37.Be2xd1 Bf6c3
38.f3 Bc3xe1
39.Kxe1 Be4c2
40.Bd1xc2 Rb2xc2
{ resign }
0-1

[Event "Fast Game"]
[Site "www.echecsemail.com"]
[Date "2015.04.21"]
[Round "1"]
[White "Faerieking"]
[Black "Woodpusher2"]
[WhiteElo "1809"]
[BlackElo "2120"]
[Result "0-1"]
[Round "1"]
1.e4 Ng8f6
2.e5 Nf6d5
3.c4 Nd5b6
4.c5 Nb6d5
5.Bf1c4 e6
6.Ng1f3 Bf8xc5
7.a3 d6
8.d4 Bc5b6
9.Bc4xd5 exd5
10.Bc1g5 Qd8d7
11.O-O Nb8c6
12.exd6 Qd7xd6
13.Rf1e1 Bc8e6
14.Nb1c3 O-O
15.Nc3b5 Qd6d7
16.Ra1c1 Be6g4
17.Qd1d3 Rf8e8
18.Bg5e3 Bg4xf3
19.gxf3 Nc6e7
20.Kh1 c6
21.Nb5c3 Qd7h3
22.Be3d2 Bb6c7
{ resign }
0-1

[Event "Tourn. n8128"]
[Site "www.chess-mail.com"]
[Date "2015.04.22"]
[Round "1"]
[White "Azulmarino"]
[Black "Passaroa25"]
[WhiteElo "1570"]
[BlackElo "1590"]
[Result "1-0"]
[Round "1"]
1.e4 c6
2.Bf1c4 Ng8h6
3.Ng1f3 e6
4.Nf3e5 b5
5.Bc4d3 Bf8d6
6.Ne5f3 f6
7.Nb1c3 Nh6f7
8.Bd3e2 Bd6c7
9.d4 Bc8b7
10.Bc1d2 Nb8a6
11.a3 g5
12.O-O h6
13.g4 Bc7d6
14.Be2d3 Bd6f4
15.Qd1e2 Na6c7
16.b4 Bb7a6
17.e5 Nc7d5
18.Nc3e4 fxe5
19.dxe5 O-O
20.h3 Bf4xe5
21.Ra1b1 Qd8e7
22.Ne4c5 Nd5c7
23.Qe2e4 Be5h2
24.Kxh2 Ba6c8
25.Qe4h7 
1-0

[Event "Tourn. n8082"]
[Site "www.chess-mail.com"]
[Date "2015.04.22"]
[Round "1"]
[White "Cl3537"]
[Black "Kesalon"]
[WhiteElo "1400"]
[BlackElo "1219"]
[Result "0-1"]
[Round "1"]
1.e4 e5
2.Ng1f3 Nb8c6
3.Nb1c3 Ng8f6
4.d3 Bf8e7
5.Bc1e3 d6
6.Bf1e2 O-O
7.O-O Bc8e6
8.a3 Rf8e8
9.b4 d5
10.exd5 Nf6xd5
11.Nc3xd5 Be6xd5
12.c4 Bd5e6
13.c5 Be7f6
14.h3 e4
15.dxe4 Bf6xa1
16.Qd1xa1 Be6b3
17.Rf1b1 Bb3a4
18.Be2d1 Ba4xd1
19.Rb1xd1 Qd8e7
20.Nf3d2 Ra8d8
21.f3 Qe7e5
22.Nd2c4 Qe5xa1
23.Rd1xa1 Rd8d3
24.Be3f4 Rd3d4
25.Nc4e5 Nc6xe5
26.Bf4xe5 Re8xe5
27.Ra1e1 f5
28.exf5 Re5xe1
29.Kf2 Re1a1
30.g4 Ra1xa3
31.b5 Rd4d2
32.Kg3 Rd2c2
33.h4 Rc2xc5
34.h5 Rc5xb5
35.Kh4 Ra3xf3
36.Kg5 Rf3h3
37.Kf4 Rb5b4
38.Ke5 Kf7
39.g5 Rh3a3
40.g6 Ke7
41.gxh7 Ra3a5

0-1

[Event "Tourn. n8171"]
[Site "www.chess-mail.com"]
[Date "2015.04.22"]
[Round "1"]
[White "Jdz"]
[Black "Thurgau"]
[WhiteElo "2430"]
[BlackElo "2700"]
[Result "0-1"]
[Round "1"]
1.e4 c5
2.Ng1f3 d6
3.d4 cxd4
4.Nf3xd4 Ng8f6
5.Nb1c3 a6
6.Bc1e3 e5
7.Nd4f3 Bf8e7
8.Bf1c4 O-O
9.O-O Nb8c6
10.Rf1e1 b5
11.Bc4f1 Ra8b8
12.Be3g5 Nf6g4
13.Bg5c1 Ng4f6
14.h3 h6
15.b3 Bc8d7
16.a4 Nc6b4
{ resign }
0-1

[Event "Tourn. n8147"]
[Site "www.chess-mail.com"]
[Date "2015.04.22"]
[Round "1"]
[White "Anja"]
[Black "Pariolinius"]
[WhiteElo "1680"]
[BlackElo "1880"]
[Result "1-0"]
[Round "1"]
1.d4 d5
2.Ng1f3 Ng8f6
3.Bc1f4 Bc8f5
4.e3 e6
5.Nb1d2 Bf8e7
6.c4 c6
7.Nf3e5 O-O
8.Nd2f3 Nb8d7
9.Bf1d3 Bf5xd3
10.Qd1xd3 Qd8b6
11.O-O Ra8c8
12.b3 Qb6d8
13.c5 b6
14.b4 b5
15.a4 Nd7xe5
16.dxe5 Nf6e4
17.axb5 Qd8d7
18.bxc6 Rc8xc6
19.Rf1d1 Rf8b8
20.Rd1b1 Rc6c7
21.Nf3d2 Ne4xd2
22.Qd3xd2 f6
23.exf6 Be7xf6
24.Bf4xc7 Qd7xc7
25.Ra1a2 { resign }
1-0

[Event "Tourn. n8132"]
[Site "www.chess-mail.com"]
[Date "2015.04.22"]
[Round "1"]
[White "Bigoak"]
[Black "Blackpool"]
[WhiteElo "1920"]
[BlackElo "1970"]
[Result "1-0"]
[Round "1"]
1.e4 e5
2.f4 exf4
3.Ng1f3 d5
4.exd5 Ng8f6
5.c4 c6
6.Nb1c3 cxd5
7.d4 Bf8b4
8.Bc1xf4 O-O
9.Bf1e2 Bb4xc3
10.bxc3 Nf6e4
11.Qd1b3 Qd8a5
12.Qb3b4 Nb8c6
13.Qb4xa5 Nc6xa5
14.cxd5 Ne4xc3
15.Bf4d2 Nc3xe2
16.Kxe2 Na5c4
17.Bd2f4 Rf8e8
18.Kd3 b5
19.Nf3e5 Bc8f5
20.Kc3 Ra8c8
21.Kb4 f6
22.Ne5c6 Re8e2
23.Rh1e1 Re2xe1
24.Ra1xe1 Kf8
25.Nc6e7 { resign }
1-0

[Event "Tourn. n8171"]
[Site "www.chess-mail.com"]
[Date "2015.04.22"]
[Round "1"]
[White "Cathar"]
[Black "Jdz"]
[WhiteElo "2280"]
[BlackElo "2430"]
[Result "1-0"]
[Round "1"]
1.e4 e5
2.Ng1f3 Nb8c6
3.Bf1c4 Bf8c5
4.c3 Ng8f6
5.d3 d6
6.O-O O-O
7.Bc4b3 a6
8.h3 h6
9.Rf1e1 Bc5a7
10.Nb1d2 Nf6h5
11.Nd2f1 Qd8f6
12.Nf1e3 Nh5f4
13.Ne3g4 Bc8xg4
14.hxg4 Nf4e6
15.g3 Ra8d8
16.a3 { resign }
1-0

[Event "Tourn. n8101"]
[Site "www.chess-mail.com"]
[Date "2015.04.22"]
[Round "1"]
[White "Bjonil60"]
[Black "Swampcat"]
[WhiteElo "1320"]
[BlackElo "1230"]
[Result "0-1"]
[Round "1"]
1.Ng1f3 d5
2.d4 c5
3.Nb1a3 Nb8c6
4.c3 Ng8f6
5.g3 Bc8d7
6.e3 e6
7.Bf1e2 c4
8.b3 Bf8xa3
9.Bc1xa3 Nf6e4
10.Nf3d2 Ne4xc3
11.Qd1c2 Nc3xe2
12.Kxe2 Qd8a5
13.b4 Qa5xa3
14.b5 Nc6b4
15.Qc2b1 Bd7xb5
16.Kf3 Nb4d3
17.h3 a6
18.g4 Ra8c8
19.e4 Rc8d8
20.h4 Nd3e5
21.Ke2 Ne5xg4
22.f3 Ng4f6
23.e5 Nf6h5
24.Nd2f1 Nh5f4
25.Kf2 O-O
26.Rh1g1 Nf4h3
27.Kg2 Nh3xg1
28.Kxg1 Qa3xf3
29.Nf1d2 Qf3e3
30.Kh1 Qe3xd2
31.a4 Bb5c6
32.Ra1a2 Qd2xd4
33.Qb1e1 Qd4e4
34.Qe1xe4 dxe4
35.h5 h6
36.a5 e3
37.Kh2 Rd8d2
38.Ra2xd2 exd2
39.Kh3 d1Q
40.Kh4 c3
{ resign }
0-1

[Event "Tourn. n8177"]
[Site "www.chess-mail.com"]
[Date "2015.04.22"]
[Round "1"]
[White "Hrob71"]
[Black "Liencam2"]
[WhiteElo "2050"]
[BlackElo "2300"]
[Result "0-1"]
[Round "1"]
1.e4 c5
2.Ng1f3 e6
3.d4 cxd4
4.Nf3xd4 a6
5.Nb1c3 Qd8c7
6.Bc1e3 Bf8b4
7.Qd1d3 Ng8f6
8.f3 d5
9.Bf1e2 dxe4
10.fxe4 Nb8d7
11.O-O Nd7e5
{ resign }
0-1

[Event "Tourn. n8173"]
[Site "www.chess-mail.com"]
[Date "2015.04.22"]
[Round "1"]
[White "Knightjumper"]
[Black "Osopanda"]
[WhiteElo "1810"]
[BlackElo "1990"]
[Result "0-1"]
[Round "1"]
1.c4 Ng8f6
2.d4 d6
3.Nb1c3 g6
4.e4 Bf8g7
5.f3 O-O
6.Bc1e3 c6
7.Bf1d3 e5
8.Ng1e2 Bc8e6
9.d5 cxd5
10.cxd5 { time. }
0-1

[Event "Match"]
[Site "www.echecsemail.com"]
[Date "2015.04.22"]
[Round "1"]
[White "Mrmoto"]
[Black "Generalfree"]
[WhiteElo "1600"]
[BlackElo "1790"]
[Result "1-0"]
[Round "1"]
1.e4 e5
2.Ng1f3 Nb8c6
3.Bf1b5 Ng8e7
4.O-O a6
5.Bb5a4 d6
6.d4 b5
7.Ba4b3 h6
8.c3 g5
9.dxe5 Ne7g6
10.Qd1d5 Ng6e7
11.Qd5xf7 { resign }
1-0

[Event "Match"]
[Site "www.echecsemail.com"]
[Date "2015.04.22"]
[Round "1"]
[White "Noobasaurus"]
[Black "Jaalston"]
[WhiteElo "1549"]
[BlackElo "1449"]
[Result "0-1"]
[Round "1"]
1.e4 e5
2.Ng1f3 Nb8c6
3.Bf1b5 Ng8f6
4.Nb1c3 Bf8c5
5.Bb5xc6 dxc6
6.Nf3xe5 O-O
7.Ne5xc6 bxc6
8.d3 Nf6g4
9.Qd1e2 Ng4xf2
10.Rh1f1 Nf2g4
11.Bc1f4 Rf8e8
12.h3 Ng4e5
13.O-O-O f5
14.Kb1 Ra8b8
15.a3 Bc5xa3
16.Nc3a4 Qd8d4
{ resign }
0-1

[Event "Match"]
[Site "www.echecsemail.com"]
[Date "2015.04.22"]
[Round "1"]
[White "Hundegana"]
[Black "Yangqi"]
[WhiteElo "2020"]
[BlackElo "2069"]
[Result "0-1"]
[Round "1"]
1.d4 Ng8f6
2.c4 c5
3.d5 e6
4.Nb1c3 exd5
5.cxd5 d6
6.e4 g6
7.Bf1d3 Bf8g7
8.Qd1c2 O-O
9.Ng1f3 Bc8g4
10.Bd3e2 a6
11.h3 Bg4xf3
12.Be2xf3 b5
13.a3 Nb8d7
14.O-O Rf8e8
15.Rf1e1 Qd8c7
16.Bc1f4 Nd7e5
17.Bf4xe5 Re8xe5
18.Nc3e2 Ra8e8
19.Ne2g3 Nf6xd5
20.Ra1d1 Nd5b6
21.b3 d5
22.Re1e2 dxe4
23.Re2xe4 c4
24.bxc4 Nb6xc4
25.Re4xe5 Qc7xe5
26.a4 Nc4b2
27.Rd1f1 Nb2xa4
28.Bf3b7 Qe5e6
29.Qc2d2 Qe6b6
30.Bb7f3 b4
31.Ng3e4 b3
32.Rf1b1 b2
33.Qd2c2 Qb6b4
34.g3 Re8b8
35.Ne4d2 Na4c3
36.Kg2 a5
37.h4 a4
38.Rb1e1 a3
39.Nd2b1 a2
40.Nb1xc3 Bg7xc3
41.Re1d1 b1Q
42.Rd1xb1 axb1Q
{ resign }
0-1

[Event "Match"]
[Site "www.echecsemail.com"]
[Date "2015.04.22"]
[Round "1"]
[White "Irene"]
[Black "Yangqi"]
[WhiteElo "2000"]
[BlackElo "2100"]
[Result "0-1"]
[Round "1"]
1.d4 Ng8f6
2.Nb1c3 d5
3.g3 c5
4.dxc5 d4
5.Nc3b5 Qd8a5
6.c3 Qa5xb5
7.cxd4 Qb5b4
8.Qd1d2 Nb8c6
9.e3 e5
10.Qd2xb4 Nc6xb4
11.Kd2 Nf6e4
12.Ke2 b6
13.cxb6 Bc8a6
14.Kf3 Ba6xf1
15.bxa7 Ra8xa7
16.a3 Nb4c2
17.Ra1b1 f5
18.h4 Nc2e1
{ resign }
0-1

[Event "Match"]
[Site "www.echecsemail.com"]
[Date "2015.04.22"]
[Round "1"]
[White "Reanna"]
[Black "Harrytheking"]
[WhiteElo "1620"]
[BlackElo "1690"]
[Result "0-1"]
[Round "1"]
1.c4 Ng8f6
2.d4 e6
3.Ng1f3 h6
4.Bc1e3 c6
5.c5 b5
6.g3 d6
7.Bf1h3 Nf6d5
8.Nf3h4 Nd5xe3
9.fxe3 dxc5
10.O-O Bf8e7
11.Qd1c2 c4
12.Nb1c3 O-O
13.Nh4f3 Nb8d7
14.Nf3e5 Nd7xe5
15.dxe5 Be7g5
16.e4 b4
17.Nc3a4 Bg5e3
18.Kh1 Qd8g5
19.Qc2xc4 a5
20.Qc4xc6 Ra8a6
21.Qc6c4 Rf8d8
22.Bh3xe6 Ra6xe6
23.Rf1f5 Qg5g6
24.Ra1f1 Re6c6
25.Qc4xf7 Qg6xf7
26.Rf5xf7 Bc8h3
27.Rf1b1 Rc6c1
28.Rb1xc1 Be3xc1
{ resign }
0-1

[Event "Match"]
[Site "www.echecsemail.com"]
[Date "2015.04.22"]
[Round "1"]
[White "Jafarhayder"]
[Black "Llord"]
[WhiteElo "1250"]
[BlackElo "1810"]
[Result "1-0"]
[Round "1"]
1.d4 d6
2.c4 Ng8f6
3.Nb1c3 Bc8f5
4.Ng1f3 Nb8c6
5.a3 Nf6e4
6.Bc1d2 Ne4xd2
7.Qd1xd2 g6
8.h3 h5
9.e4 Bf5d7
10.Bf1e2 Bf8h6
11.Qd2c2 Bh6g7
12.d5 Nc6d4
13.Nf3xd4 Bg7xd4
14.Ra1c1 e5
15.b4 Qd8f6
16.Be2f3 O-O-O
17.Nc3e2 g5
18.Ne2xd4 exd4
19.Qc2d3 g4
20.Bf3e2 gxh3
21.gxh3 Rh8g8
22.Rc1d1 c5
23.dxc6 Bd7xc6
24.Qd3xd4 Qf6xd4
25.Rd1xd4 Rg8e8
26.f3 f5
27.b5 Bc6d7
28.Kd2 fxe4
29.fxe4 h4
30.Rh1g1 Bd7xh3
31.Rg1h1 Bh3g2
32.Rh1xh4 b6
33.Ke3 Kb7
34.Rh4h7 Kb8
35.Rh7h6 Kc7
36.Rh6h2 Bg2xe4
37.Rd4xe4 Re8xe4
38.Kxe4 Rd8e8
39.Kd3 Kd7
40.Rh2h7 Kc8
41.Rh7xa7 Re8d8
42.Ra7a8 Kc7
43.Ra8xd8 Kxd8
44.Kd4 Kc7
45.Kd5 Kd7
46.Be2g4 Kc7
47.a4 { resign }
1-0

[Event "Match"]
[Site "www.echecsemail.com"]
[Date "2015.04.22"]
[Round "1"]
[White "Tomcapp"]
[Black "Julianlore"]
[WhiteElo "1500"]
[BlackElo "1499"]
[Result "0-1"]
[Round "1"]
1.e4 e5
2.Ng1f3 Nb8c6
3.Bf1b5 a6
4.Bb5xc6 dxc6
5.c4 Bc8g4
6.h3 Bg4xf3
7.Qd1xf3 Qd8d4
8.d3 Bf8b4
9.Nb1c3 Bb4xc3
10.Bc1d2 Bc3xd2
11.Kxd2 Qd4xb2
12.Ke3 Ng8f6
13.Ra1b1 Qb2d4
14.Kd2 b5
15.g4 Ra8d8
16.Rb1b3 bxc4
17.Rb3a3 Nf6xe4
18.Ke1 Qd4a1
19.Qf3d1 Qa1b2
20.Ra3xa6 Qb2xf2

0-1

[Event "Match"]
[Site "www.echecsemail.com"]
[Date "2015.04.22"]
[Round "1"]
[White "Cheet621"]
[Black "Uscgsteve"]
[WhiteElo "1659"]
[BlackElo "1339"]
[Result "0-1"]
[Round "1"]
1.d3 Nb8c6
2.Bc1e3 e5
3.f4 b5
4.Ng1f3 b4
5.fxe5 b3
6.axb3 Nc6b4
7.Ra1a4 Nb4d5
8.Be3d4 g6
9.c4 Nd5f4
10.e6 c5
11.Bd4xh8 Bc8b7
12.Nf3g5 Qd8xg5
13.g3 Bb7xh1
14.gxf4 Qg5xf4
15.exd7 Kxd7
16.d4 Qf4xh2
17.dxc5 Ke8
18.c6 Ra8d8
19.Nb1d2 Qh2h4
{ resign }
0-1

[Event "Match"]
[Site "www.echecsemail.com"]
[Date "2015.04.22"]
[Round "1"]
[White "Andradamaria"]
[Black "Guidom"]
[WhiteElo "2249"]
[BlackElo "2060"]
[Result "1/2-1/2"]
[Round "1"]
1.d4 d5
2.c4 dxc4
3.e3 b5
4.a4 c6
5.axb5 cxb5
6.Qd1f3 e5
7.Qf3xa8 Qd8b6
8.Qa8xa7 Qb6xa7
9.Ra1xa7 Nb8c6
10.Ra7a8 Kd8
11.Bc1d2 exd4
12.exd4 Nc6xd4
13.Nb1a3 Bf8xa3
14.bxa3 Ng8e7
15.g3 Ne7d5
16.Bd2a5 Ke7
17.Bf1g2 Rh8e8
18.Bg2xd5 Kd6
19.Kd1 Kxd5
20.Ba5c3 Bc8g4
21.Kc1 Re8xa8
22.Bc3xd4 Kxd4
23.h3 Bg4e6
24.Ng1f3 Kc5
25.Kb2 Ra8d8
26.Rh1c1 Rd8d3
27.Rc1c3 Rd3xc3
28.Kxc3 h6
29.h4 { draw }
1/2-1/2

[Event "Match"]
[Site "www.echecsemail.com"]
[Date "2015.04.22"]
[Round "1"]
[White "Pariolinius"]
[Black "Jafarhayder"]
[WhiteElo "1880"]
[BlackElo "1250"]
[Result "0-1"]
[Round "1"]
1.e4 e6
2.Ng1f3 d5
3.e5 c5
4.g3 Nb8c6
5.Bf1g2 Ng8h6
6.O-O Qd8b6
7.c3 Nh6f5
8.d3 Bc8d7
9.Nb1d2 Bf8e7
10.Rf1e1 O-O
11.b3 Ra8c8
12.Bc1b2 a6
13.Ra1b1 Qb6c7
14.d4 cxd4
15.cxd4 Nc6b4
16.Rb1c1 Qc7b6
17.a3 Rc8xc1
18.Qd1xc1 Nb4d3
{ resign }
0-1